Statistics for Modern-Day Countries 100% in the Roman Empire

Click here to take the quiz!

General Stats

  • This quiz has been taken 138 times
  • The average score is 24 of 28

Answer Stats

Answer% Correct
Italy
98%
Greece
96%
France
94%
Croatia
92%
Serbia
92%
Vatican City
91%
San Marino
90%
Switzerland
90%
Albania
89%
Andorra
89%
Turkey
89%
Bosnia and Herzegovina
88%
Slovenia
88%
Monaco
87%
Montenegro
87%
Israel
86%
Belgium
85%
Lebanon
85%
Bulgaria
84%
Liechtenstein
84%
Kosovo
83%
Malta
83%
North Macedonia
81%
Cyprus
78%
Luxembourg
78%
Hungary
74%
Armenia
67%
Azerbaijan
63%

Score Distribution

Percentile by Number Answered

Percent of People with Each Score

Your Score History

You have not taken this quiz